| 000 | 00703nam a22001937a 4500 | ||
|---|---|---|---|
| 999 |
_c11493 _d11493 |
||
| 003 | AR-CdUCM | ||
| 008 | 190404b ||||| |||| 00| 0 spa d | ||
| 040 |
_aMUNICIPALIDAD PROVINCIAL DEL CUSCO _cBIBLIOTECA MUNICIPAL DEL CUSCO |
||
| 082 |
_22ed. _a741.42 / _bR96 / 1946 |
||
| 100 |
_aRuskin, John _913151 |
||
| 245 | _aElementos de dibujo, colorido y composición / | ||
| 260 |
_aMéxico : _bCentauros, _c1946. |
||
| 300 |
_a232 páginas ; _c20 cm. |
||
| 505 | _aContenido: Los elementos del dibujo -- Esbozos del natural -- Del color y de la composición -- Notas del traductor. | ||
| 650 |
_aDibujo _913086 |
||
| 700 |
_aEncina, Juan De La (traductor) _928891 |
||
| 942 |
_2ddc _cLIBROS |
||
| 945 | _aacv | ||